Представление документа в формате RUSMARC

ПолеНазваниеЗначение
  Тип записи a
  Библиографический уровень a
001 Контрольный номер UONB/MAIN/8a692345350b4e6aa8527457a0cbe2c1
005 Дата корректировки 20260428154915.7
100 Данные общей обработки __
a Данные общей обработки 20260428 ||| 0rusy0189 ca
101 Язык документа 0_
a Язык текста rus
102 Страна публикации __
a Страна публикации RU
200 Заглавие и сведения об ответственности 1_
a Заглавие Нужно видеть характер
203 Вид содержания и тип средства __
a Вид содержания Текст
b Характеристика содержания визуальный
c Тип средства непосредственный
330 Аннотация __
a Аннотация Заслуженный художник России Никас Сафронов о своей жизни и новой книге "Мои картины и женщины".
461 Уровень набора _0
1 2000
a Народная газета
463 Уровень физической единицы _0
1 2000
a № 15 (641) (15 апреля)
v С. 24
1 2101
d 2026
1 001UONB/MAIN/ee49326281804cbaad1ec5916b3926ce
600 Персоналии _1
a Персоналии (Фамилия) Сафронов, Никас
610 Ключевые слова 0_
a Ключевые слова художники; книги
686 Индексы других классификаций __
a Классификационный индекс 85-8
801 Источник записи _0
a Страна RU
b Организация Ульяновская ОНБ
c Дата составления 20260428
g Правила каталогизации RCR
801 Источник записи _1
a Страна RU
b Организация Ульяновская ОНБ
c Дата составления 20260428
g Правила каталогизации RCR
901 Тип документа __
t Тип документа f
w Контрольный № источника UONB/MAIN/ee49326281804cbaad1ec5916b3926ce
909 Создатель записи __
a Создатель записи Елягина
b Дата создания записи 20260428